Sciences par lettre - I - Statistiques

Statistiques générales
  • Ce quiz a été pris 175 fois
  • Le résultat moyen est 15 sur 20
Statistiques - réponses
Indices Réponses % Correct
Pouvant atteindre jusqu'à huit mètres de long, cet organe - qui contribue notamment à la digestion des aliments - est le plus long du tube digestif {Intestin} grêle
98%
Partie colorée visible de l'œil, qui régule la quantité de lumière entrant dans la pupille Iris
97%
Noté " ∞ " en mathématiques, cet adjectif sert à qualifier quelque chose qui n'a pas de limite Infini
96%
Se dit d'un triangle ayant deux côtés de même longueur Isocèle
95%
Système capable de simuler certains aspects du raisonnement humain, à l'image de ChatGPT ou Gemini {Intelligence} {artificielle}
94%
Groupe d'animaux dépourvus de colonne vertébrale (et d'os en général) Invertébrés
90%
Hormone sécrétée par le pancréas, qui joue un rôle essentiel dans la régulation du taux de sucre dans le sang Insuline
86%
Type de produit phytosanitaire conçu pour lutter contre les insectes, leurs larves et/ou leurs œufs Insecticide
84%
Élément chimique (de symbole " I ") appartenant à la famille des halogènes (avec le fluor, le chlore et le brome) Iode
83%
Atome (ou groupe d'atomes) ayant gagné ou perdu un ou plusieurs électrons Ion
82%
Rayonnement électromagnétique, abrégé "IR", de longueur d'onde supérieure à celle de la lumière visible (> 780 nm) Infrarouge
78%
Se dit d'un matériau qui ne laisse pas passer le courant électrique Isolant
76%
Signification de la grandeur " I " dans la loi d'Ohm (U = R × I) Intensité
74%
Atomes ayant le même numéro atomique / nombre de protons (Z), mais un nombre de neutrons (N) différent Isotopes
72%
Effondrement soudain d'une structure / d'un objet vers son centre sous l'effet d'une pression beaucoup plus importante à l'extérieur qu'à l'intérieur Implosion
69%
En mathématiques, opération (notée " ∫ ") permettant de calculer l'aire sous une courbe Intégrale
66%
Processus qui consiste à répéter plusieurs fois un ensemble d'instructions ou d'étapes Itération
41%
Substance capable de ralentir (voire d'empêcher) une réaction chimique Inhibiteur
33%
En mécanique ondulatoire, phénomène résultant de la superposition de deux ondes (ou plus) Interférence
31%
Type de mutation caractérisée par l'addition d'un ou plusieurs nucléotides dans la séquence d'un gène Insertion
23%
Aucun quiz correspondant
Distribution des résultats
% des personnes avec chaque résultat
Percentile par nombre de réponses
Votre historique - résultats
Vous n’avez pas pris ce quiz